| 000 | 01021cam a2200337 i 4500 | ||
|---|---|---|---|
| 001 | 200467956 | ||
| 003 | TR-AnTOB | ||
| 005 | 20260408152329.0 | ||
| 007 | ta | ||
| 008 | 260408s1970 nyuc 000 0 eng d | ||
| 010 | _a 70142526 | ||
| 035 | _a3127495 | ||
| 040 |
_aDLC _beng _erda _cDLC _dDLC _dTR-AnTOB |
||
| 041 | 0 | _aeng | |
| 043 | _an-us-ca | ||
| 050 | 0 | 0 |
_aHV9468 _b.L4 1970 |
| 090 |
_aHV9468 _b.L4 1970 TıpFaK |
||
| 100 | 1 |
_aLeary, Timothy, _d1920-1996 _eauthor _9153458 |
|
| 245 | 1 | 0 |
_aJail notes / _c[by] Timothy Leary. Introd. by Allen Ginsberg. |
| 264 | 1 |
_a[New York : _bDouglas Book Corp.]; distributed by World Pub. Co., _c1970. |
|
| 264 | 4 | _c©1970 | |
| 300 |
_a154 pages : _bports. ; _c22 cm |
||
| 336 |
_atext _btxt _2rdacontent |
||
| 337 |
_aunmediated _bn _2rdamedia |
||
| 338 |
_avolume _bnc _2rdacarrier |
||
| 650 | 0 |
_aPrisoners _zCalifornia _xBiography. |
|
| 906 |
_a7 _bcbc _corignew _d2 _encip _f19 _gy-gencatlg |
||
| 942 |
_2lcc _cBK |
||
| 999 |
_c200467956 _d86168 |
||